[Event "Bunratty Classic 2013"]
[Site "Bunratty IRL"]
[Date "2013.02.27"]
[Round "1.1"]
[White "Rombaldoni, Denis"]
[Black "Arkell, Keith"]
[Result "1/2-1/2"]
[WhiteTitle "IM"]
[BlackTitle "GM"]
[WhiteElo "2510"]
[BlackElo "2472"]
[WhiteNationality "ITA"]
[BlackNationality "ENG"]
[WhiteFideId "813575"]
[BlackFideId "400270"]
[PlyCount "34"]
[Venue "Library Room, Bunratty Castle Hotel, Bunratty, Co. Clare"]
[EventDate "2013.02.27"]
[Source "Herbert Scarry, TWIC 956"]

{ Event information: <a
href="http://www.irlchess.com/bunrattyclassic2013_allfiles/pairings_bunrattyclassic2013.html">Tournament
report</a>. }

1. d4 Nf6 2. Nf3 e6 3. Bf4 d5 4. e3 Bd6 5. Ne5 O-O 6. Bd3 c5 7. c3 Nc6 8.
Bg3 Qc7 9. f4 Ne4 10. Na3 a6 11. Nac4 f5 12. Nxd6 Qxd6 13. Bh4 cxd4 14.
exd4 Nxe5 15. fxe5 Qc7 16. O-O Bd7 17. Qe2 Bc6 1/2-1/2

[Event "Bunratty Classic 2013"]
[Site "Bunratty IRL"]
[Date "2013.02.27"]
[Round "1.2"]
[White "Quinn, Mark"]
[Black "Burns-Mannion, Stephen"]
[Result "1-0"]
[WhiteTitle "IM"]
[BlackTitle "IM"]
[WhiteElo "2388"]
[BlackElo "2376"]
[WhiteICU "2366"]
[WhiteClub "Kilkenny"]
[WhiteNationality "IRL"]
[BlackNationality "SCO"]
[WhiteFideId "2500450"]
[BlackFideId "2400111"]
[PlyCount "113"]
[Venue "Library Room, Bunratty Castle Hotel, Bunratty, Co. Clare"]
[EventDate "2013.02.27"]
[Source "Herbert Scarry, TWIC 956"]

{ Event information: <a
href="http://www.irlchess.com/bunrattyclassic2013_allfiles/pairings_bunrattyclassic2013.html">Tournament
report</a>. }

1. e4 e5 2. Nf3 Nc6 3. Bb5 a6 4. Ba4 Nf6 5. d3 b5 6. Bb3 Be7 7. O-O O-O 8.
Re1 d6 9. c3 Na5 10. Bc2 c5 11. Nbd2 Re8 12. Nf1 Bf8 13. Bg5 h6 14. Bh4 Be7
15. Ne3 Nc6 16. a4 Be6 17. Bxf6 Bxf6 18. Bb3 b4 19. Bd5 Rc8 20. a5 Qc7 21.
Nd2 bxc3 22. bxc3 Nxa5 23. Qa4 Nc6 24. Ndc4 Bg5 25. Qxa6 Red8 26. Reb1 Nb8
27. Qb6 Bxe3 28. fxe3 Nc6 29. Qxc7 Rxc7 30. Ra6 Ne7 31. Bxe6 fxe6 32. Rxd6
Rxd6 33. Nxd6 Rd7 34. Rb6 Ng6 35. Kf2 Ra7 36. Nc4 Ra2+ 37. Kg3 Rc2 38. Rxe6
Kf7 39. Rd6 Rxc3 40. Rd7+ Kf6 41. Nb6 Kg5 42. Rf7 h5 43. Rd7 h4+ 44. Kh3
Rb3 45. Nc4 Rc3 46. Rxg7 Kf6 47. Rd7 Rc2 48. Rd6+ Kf7 49. Rd7+ Kf6 50. Rc7
Kg5 51. Rxc5 Re2 52. g3 hxg3 53. hxg3 Kf6 54. Rc6+ Kf7 55. Kg4 Rg2 56. Nd6+
Kf8 57. Nf5 1-0

[Event "Bunratty Classic 2013"]
[Site "Bunratty IRL"]
[Date "2013.02.27"]
[Round "1.3"]
[White "Lopez, Alex"]
[Black "Collins, Sam"]
[Result "0-1"]
[WhiteTitle "IM"]
[BlackTitle "IM"]
[WhiteElo "2416"]
[BlackElo "2482"]
[WhiteICU "2450"]
[BlackICU "2441"]
[WhiteClub "Cork"]
[BlackClub "Gonzaga"]
[WhiteNationality "IRL"]
[BlackNationality "IRL"]
[WhiteFideId "2501430"]
[BlackFideId "2501198"]
[PlyCount "90"]
[Venue "Library Room, Bunratty Castle Hotel, Bunratty, Co. Clare"]
[EventDate "2013.02.27"]
[Source "Herbert Scarry, TWIC 956"]

{ Event information: <a
href="http://www.irlchess.com/bunrattyclassic2013_allfiles/pairings_bunrattyclassic2013.html">Tournament
report</a>. }

1. d4 Nf6 2. c4 g6 3. Nc3 Bg7 4. e4 d6 5. f3 O-O 6. Be3 c5 7. d5 e6 8. Nge2
exd5 9. cxd5 Nbd7 10. a4 a6 11. Ng3 Ne5 12. Be2 Bd7 13. h3 b5 14. f4 Nc4
15. Bxc4 bxc4 16. O-O Rb8 17. Qc2 Rb3 18. Rf2 Re8 19. e5 dxe5 20. f5 e4 21.
fxg6 hxg6 22. Raf1 Qb8 23. Nge2 Qd6 24. Qd2 Qe5 25. a5 Rb7 26. Qc1 Bc8 27.
Bf4 Qh5 28. d6 Be6 29. Be3 Nd5 30. Nxd5 Qxd5 31. Nc3 Qc6 32. Rd1 Rd7 33.
Rfd2 Be5 34. Nd5 Bxd5 35. Rxd5 Bd4 36. Bxd4 Qxd5 37. Bf6 Qh5 38. Kh2 e3 39.
g4 Qh6 40. Kg3 g5 41. Be7 Qh4+ 42. Kg2 Qf2+ 43. Kh1 Qf3+ 44. Kh2 Rexe7 45.
dxe7 Qe2+ 0-1

[Event "Bunratty Classic 2013"]
[Site "Bunratty IRL"]
[Date "2013.02.27"]
[Round "1.4"]
[White "Daly, Colm"]
[Black "Hamitevici, Vladimir"]
[Result "1/2-1/2"]
[WhiteTitle "FM"]
[BlackTitle "IM"]
[WhiteElo "2340"]
[BlackElo "2444"]
[WhiteICU "2296"]
[WhiteClub "Bray/Greystones"]
[WhiteNationality "IRL"]
[BlackNationality "MDA"]
[WhiteFideId "2500434"]
[BlackFideId "13902393"]
[PlyCount "50"]
[Venue "Library Room, Bunratty Castle Hotel, Bunratty, Co. Clare"]
[EventDate "2013.02.27"]
[Source "Herbert Scarry, TWIC 956"]

{ Event information: <a
href="http://www.irlchess.com/bunrattyclassic2013_allfiles/pairings_bunrattyclassic2013.html">Tournament
report</a>. }

1. Nf3 c5 2. b3 Nc6 3. Bb2 d5 4. e3 e6 5. g3 Nge7 6. d4 cxd4 7. Nxd4 Nxd4
8. Qxd4 Nc6 9. Qd2 Bb4 10. Bc3 Qa5 11. Bxb4 Nxb4 12. c3 Nc6 13. Bg2 Qa6 14.
Qe2 Qxe2+ 15. Kxe2 Bd7 16. Rc1 Rc8 17. Na3 Ke7 18. c4 Nb4 19. cxd5 exd5 20.
Kd2 Bf5 21. Nb5 Nc2 22. Nd4 Nxd4 23. exd4 Kd6 24. Rxc8 Rxc8 25. Rc1 Rxc1
1/2-1/2

[Event "Bunratty Classic 2013"]
[Site "Bunratty IRL"]
[Date "2013.02.27"]
[Round "1.5"]
[White "Hebden, Mark"]
[Black "Pert, Nick"]
[Result "1/2-1/2"]
[WhiteTitle "GM"]
[BlackTitle "GM"]
[WhiteElo "2518"]
[BlackElo "2539"]
[WhiteNationality "ENG"]
[BlackNationality "ENG"]
[WhiteFideId "400084"]
[BlackFideId "403989"]
[PlyCount "97"]
[Venue "Library Room, Bunratty Castle Hotel, Bunratty, Co. Clare"]
[EventDate "2013.02.27"]
[Source "Herbert Scarry, TWIC 956"]

{ Event information: <a
href="http://www.irlchess.com/bunrattyclassic2013_allfiles/pairings_bunrattyclassic2013.html">Tournament
report</a>. }

1. d4 d5 2. c4 c6 3. e3 Nf6 4. Nc3 Bf5 5. Qb3 Qb6 6. Qxb6 axb6 7. cxd5 Nxd5
8. Nxd5 cxd5 9. Bd2 Nc6 10. Bb5 e6 11. Nf3 f6 12. Nh4 Bg4 13. h3 Bh5 14. g4
Bf7 15. f4 Bd6 16. Rg1 h6 17. Nf3 Ke7 18. Kf2 g5 19. Bd3 e5 20. fxe5 fxe5
21. dxe5 Nxe5 22. Nxe5 Bxe5 23. Bb4+ Kf6 24. Rgf1 Kg7 25. Kg1 Bg6 26. Rad1
Rxa2 27. Bxg6 Kxg6 28. Rxd5 Re8 29. Rb5 Re6 30. Ba3 Bd6 31. Bxd6 Rxd6 32.
Rff5 Ra1+ 33. Kg2 Re1 34. Rb3 Kg7 35. Rf1 Re2+ 36. Kf3 Rh2 37. Kg3 Rdd2 38.
Rxb6 Rdg2+ 39. Kf3 Rxb2 40. Rxb2 Rxb2 41. Ke4 b5 42. Kd4 b4 43. Ra1 Rd2+
44. Kc4 Rh2 45. Ra7+ Kf6 46. Ra6+ Kg7 47. Ra7+ Kf6 48. Ra6+ Kg7 49. Ra7+
1/2-1/2

[Event "Bunratty Classic 2013"]
[Site "Bunratty IRL"]
[Date "2013.02.28"]
[Round "2.3"]
[White "Hamitevici, Vladimir"]
[Black "Lopez, Alex"]
[Result "0-1"]
[WhiteTitle "IM"]
[BlackTitle "IM"]
[WhiteElo "2444"]
[BlackElo "2416"]
[BlackICU "2450"]
[BlackClub "Cork"]
[WhiteNationality "MDA"]
[BlackNationality "IRL"]
[WhiteFideId "13902393"]
[BlackFideId "2501430"]
[PlyCount "100"]
[Venue "Library Room, Bunratty Castle Hotel, Bunratty, Co. Clare"]
[EventDate "2013.02.27"]
[Source "Herbert Scarry, TWIC 956"]

{ Event information: <a
href="http://www.irlchess.com/bunrattyclassic2013_allfiles/pairings_bunrattyclassic2013.html">Tournament
report</a>. }

1. Nf3 Nf6 2. c4 g6 3. b3 Bg7 4. Bb2 c5 5. g3 b6 6. Bg2 Bb7 7. O-O O-O 8.
d4 cxd4 9. Qxd4 Nc6 10. Qh4 h6 11. Nbd2 g5 12. Nxg5 hxg5 13. Qxg5 Ne8 14.
e4 e6 15. Qg4 d6 16. f4 Qe7 17. Rae1 e5 18. Nf3 Bc8 19. f5 Nf6 20. Qh4 Nh7
21. Qxe7 Nxe7 22. Ba3 Nc6 23. Bxd6 Rd8 24. Rd1 Bb7 25. b4 f6 26. a3 Bf8 27.
Bxf8 Nxf8 28. Kf2 a5 29. b5 Ne7 30. Ke3 Rac8 31. Rxd8 Rxd8 32. c5 bxc5 33.
Rc1 Nd7 34. g4 Nc8 35. Nd2 Nd6 36. Nb3 Nxb5 37. Nxa5 Ba8 38. Bf1 Nd6 39.
Bd3 Kf8 40. h4 Ke7 41. g5 Rh8 42. g6 Rxh4 43. Rg1 Kf8 44. Nc4 Nxe4 45. Bxe4
Rxe4+ 46. Kd3 Rd4+ 47. Kc3 Be4 48. g7+ Kg8 49. a4 Bxf5 50. a5 Be6 0-1

[Event "Bunratty Classic 2013"]
[Site "Bunratty IRL"]
[Date "2013.02.28"]
[Round "2.4"]
[White "Collins, Sam"]
[Black "Quinn, Mark"]
[Result "1/2-1/2"]
[WhiteTitle "IM"]
[BlackTitle "IM"]
[WhiteElo "2482"]
[BlackElo "2388"]
[WhiteICU "2441"]
[BlackICU "2366"]
[WhiteClub "Gonzaga"]
[BlackClub "Kilkenny"]
[WhiteNationality "IRL"]
[BlackNationality "IRL"]
[WhiteFideId "2501198"]
[BlackFideId "2500450"]
[PlyCount "97"]
[Venue "Library Room, Bunratty Castle Hotel, Bunratty, Co. Clare"]
[EventDate "2013.02.27"]
[Source "Herbert Scarry, TWIC 956"]

{ Event information: <a
href="http://www.irlchess.com/bunrattyclassic2013_allfiles/pairings_bunrattyclassic2013.html">Tournament
report</a>. }

1. d4 d6 2. e4 Nd7 3. Nf3 g6 4. Bc4 e6 5. Nc3 Bg7 6. Be3 a6 7. a4 b6 8. O-O
h6 9. Re1 Ne7 10. Ne2 Bb7 11. Ng3 Nf6 12. e5 Nfd5 13. Bd2 dxe5 14. dxe5 Nf5
15. Qe2 Nxg3 16. hxg3 Qe7 17. Bd3 a5 18. c3 c5 19. Bb5+ Kf8 20. Rad1 Kg8
21. Bc1 c4 22. Bxc4 Kh7 23. Nd4 Rac8 24. Bd3 Rc5 25. Qg4 h5 26. Qxh5+ Kg8
27. Qg5 Qe8 28. Bb5 Qf8 29. Nf3 Bh6 30. Qg4 Bxc1 31. Rxc1 Qh6 32. Qh4 Qf8
33. Qg5 Rh5 34. Qd2 Kg7 35. Qd4 Qh8 36. Kf1 Nc7 37. Qf4 Rf5 38. Qh4 Nxb5
39. Qxh8+ Kxh8 40. axb5 Bxf3 41. gxf3 Rxf3 42. Rcd1 Rxb5 43. Rd2 g5 44. Re4
Kg7 45. Kg2 Rf5 46. Rde2 Kg6 47. b4 axb4 48. cxb4 Rd5 49. R2e3 1/2-1/2

[Event "Bunratty Classic 2013"]
[Site "Bunratty IRL"]
[Date "2013.02.28"]
[Round "2.5"]
[White "Burns-Mannion, Stephen"]
[Black "Arkell, Keith"]
[Result "1-0"]
[WhiteTitle "IM"]
[BlackTitle "GM"]
[WhiteElo "2376"]
[BlackElo "2472"]
[WhiteNationality "SCO"]
[BlackNationality "ENG"]
[WhiteFideId "2400111"]
[BlackFideId "400270"]
[PlyCount "93"]
[Venue "Library Room, Bunratty Castle Hotel, Bunratty, Co. Clare"]
[EventDate "2013.02.27"]
[Source "Herbert Scarry, TWIC 956"]

{ Event information: <a
href="http://www.irlchess.com/bunrattyclassic2013_allfiles/pairings_bunrattyclassic2013.html">Tournament
report</a>. }

1. e4 c6 2. d4 d5 3. e5 c5 4. dxc5 Nc6 5. Nf3 Bg4 6. c3 Bxf3 7. Qxf3 Nxe5
8. Bb5+ Nc6 9. O-O e6 10. b4 Nf6 11. Bf4 a5 12. Nd2 axb4 13. cxb4 Be7 14.
a4 O-O 15. Rab1 Nd7 16. Rfe1 Bg5 17. Nb3 Qf6 18. Bxg5 Qxg5 19. a5 Rfd8 20.
Bxc6 bxc6 21. Nd4 Rdc8 22. Rb3 Rab8 23. a6 g6 24. Qe2 Qf6 25. Qd2 e5 26.
Rf3 Qe7 27. a7 Ra8 28. Ra3 Nf6 29. Qg5 Re8 30. Nxc6 Qe6 31. Nd4 Qe7 32. Nf5
Qe6 33. Nd6 Re7 34. Rea1 Ne4 35. Nxe4 dxe4 36. b5 Rb7 37. b6 Qd5 38. Qe3
Kg7 39. Rc3 Qc6 40. f3 exf3 41. gxf3 f6 42. Rd1 e4 43. Qxe4 Qc8 44. Qd4 Qc6
45. Qd5 Qc8 46. Re3 Kh6 47. Re6 1-0

[Event "Bunratty Classic 2013"]
[Site "Bunratty IRL"]
[Date "2013.02.28"]
[Round "3.2"]
[White "Arkell, Keith"]
[Black "Collins, Sam"]
[Result "1-0"]
[WhiteTitle "GM"]
[BlackTitle "IM"]
[WhiteElo "2472"]
[BlackElo "2482"]
[BlackICU "2441"]
[BlackClub "Gonzaga"]
[WhiteNationality "ENG"]
[BlackNationality "IRL"]
[WhiteFideId "400270"]
[BlackFideId "2501198"]
[PlyCount "83"]
[Venue "Library Room, Bunratty Castle Hotel, Bunratty, Co. Clare"]
[EventDate "2013.02.27"]
[Source "Herbert Scarry, TWIC 956"]

{ Event information: <a
href="http://www.irlchess.com/bunrattyclassic2013_allfiles/pairings_bunrattyclassic2013.html">Tournament
report</a>. }

1. d4 Nf6 2. c4 g6 3. Nc3 Bg7 4. g3 c5 5. d5 d6 6. Bg2 O-O 7. Nf3 e6 8. O-O
exd5 9. cxd5 a6 10. a4 Re8 11. Nd2 Nbd7 12. Nc4 Ne5 13. Nxe5 Rxe5 14. Bf4
Re8 15. Qc2 Nh5 16. Bd2 f5 17. Rab1 Bd7 18. b4 b6 19. bxc5 bxc5 20. Rb7 Bc8
21. Rb3 Ra7 22. Rfb1 Rf7 23. Bf3 f4 24. Rb8 Qe7 25. R1b6 Bd4 26. Ne4 Nxg3
27. Rxc8 Rxc8 28. hxg3 fxg3 29. Nxg3 Qh4 30. Kg2 Re8 31. e3 Be5 32. Be1
Ref8 33. Be2 g5 34. Qc4 Rg7 35. Qg4 h5 36. Qe6+ Kh8 37. Bd3 g4 38. Bf5 Qh3+
39. Kg1 h4 40. Qh6+ Kg8 41. Be6+ Rgf7 42. Bxf7+ 1-0

[Event "Bunratty Classic 2013"]
[Site "Bunratty IRL"]
[Date "2013.02.28"]
[Round "3.3"]
[White "Quinn, Mark"]
[Black "Hamitevici, Vladimir"]
[Result "1/2-1/2"]
[WhiteTitle "IM"]
[BlackTitle "IM"]
[WhiteElo "2388"]
[BlackElo "2444"]
[WhiteICU "2366"]
[WhiteClub "Kilkenny"]
[WhiteNationality "IRL"]
[BlackNationality "MDA"]
[WhiteFideId "2500450"]
[BlackFideId "13902393"]
[PlyCount "67"]
[Venue "Library Room, Bunratty Castle Hotel, Bunratty, Co. Clare"]
[EventDate "2013.02.27"]
[Source "Herbert Scarry, TWIC 956"]

{ Event information: <a
href="http://www.irlchess.com/bunrattyclassic2013_allfiles/pairings_bunrattyclassic2013.html">Tournament
report</a>. }

1. e4 c6 2. d4 d5 3. e5 Bf5 4. Nf3 e6 5. Be2 a6 6. O-O c5 7. h3 Ne7 8. Be3
Nec6 9. c3 Nd7 10. Nbd2 cxd4 11. Nxd4 Bg6 12. f4 Bc5 13. N2b3 Bb6 14. Qe1
O-O 15. Qf2 Nxd4 16. cxd4 f6 17. Bg4 Qe7 18. Rac1 Rac8 19. Qd2 Be4 20. Rc3
Nb8 21. exf6 Qxf6 22. Rxc8 Rxc8 23. Qb4 Rc6 24. Nc5 Qe7 25. Nxa6 Qh4 26.
Nxb8 Qg3 27. Rf2 Bxg2 28. Nxc6 Bxh3+ 29. Kh1 Bxg4 30. Qxb6 Bf3+ 31. Rxf3
Qxf3+ 32. Kh2 Qe2+ 33. Kh1 Qf1+ 34. Kh2 1/2-1/2

[Event "Bunratty Classic 2013"]
[Site "Bunratty IRL"]
[Date "2013.02.28"]
[Round "3.4"]
[White "Lopez, Alex"]
[Black "Pert, Nick"]
[Result "1/2-1/2"]
[WhiteTitle "IM"]
[BlackTitle "GM"]
[WhiteElo "2416"]
[BlackElo "2539"]
[WhiteICU "2450"]
[WhiteClub "Cork"]
[WhiteNationality "IRL"]
[BlackNationality "ENG"]
[WhiteFideId "2501430"]
[BlackFideId "403989"]
[PlyCount "83"]
[Venue "Library Room, Bunratty Castle Hotel, Bunratty, Co. Clare"]
[EventDate "2013.02.27"]
[Source "Herbert Scarry, TWIC 956"]

{ Event information: <a
href="http://www.irlchess.com/bunrattyclassic2013_allfiles/pairings_bunrattyclassic2013.html">Tournament
report</a>. }

1. e4 e6 2. d4 d5 3. Nc3 Nc6 4. Nf3 Nf6 5. exd5 exd5 6. Bb5 a6 7. Bxc6+
bxc6 8. O-O Bg4 9. h3 Bxf3 10. Qxf3 Be7 11. Re1 O-O 12. Bg5 h6 13. Bh4 Re8
14. Re2 Ne4 15. Bxe7 Qxe7 16. Rae1 Qb4 17. Nxe4 dxe4 18. Qc3 Qxc3 19. bxc3
Rab8 20. Rxe4 Rxe4 21. Rxe4 Rb1+ 22. Kh2 Kf8 23. Re5 Rb2 24. a4 Rxc2 25.
Rc5 Ke7 26. Rxc6 Kd7 27. d5 Rxf2 28. Rxa6 Rf4 29. a5 Rc4 30. Ra8 Rxc3 31.
a6 Ra3 32. a7 Ke7 33. g4 Kf6 34. h4 g6 35. Kg2 h5 36. gxh5 gxh5 37. Kf2 Kg7
38. Ke2 f5 39. Kd2 f4 40. Ke2 Re3+ 41. Kd2 Ra3 42. Ke2 1/2-1/2

[Event "Bunratty Classic 2013"]
[Site "Bunratty IRL"]
[Date "2013.03.01"]
[Round "4.2"]
[White "Hebden, Mark"]
[Black "Lopez, Alex"]
[Result "1-0"]
[WhiteTitle "GM"]
[BlackTitle "IM"]
[WhiteElo "2518"]
[BlackElo "2416"]
[BlackICU "2450"]
[BlackClub "Cork"]
[WhiteNationality "ENG"]
[BlackNationality "IRL"]
[WhiteFideId "400084"]
[BlackFideId "2501430"]
[PlyCount "72"]
[Venue "Library Room, Bunratty Castle Hotel, Bunratty, Co. Clare"]
[EventDate "2013.02.27"]
[Source "Herbert Scarry, TWIC 956"]

{ Event information: <a
href="http://www.irlchess.com/bunrattyclassic2013_allfiles/pairings_bunrattyclassic2013.html">Tournament
report</a>. }

1. d4 d5 2. Nf3 Nf6 3. c4 c6 4. e3 Bf5 5. Nc3 e6 6. Nh4 Be4 7. f3 Bg6 8.
Qb3 Qc7 9. Bd2 a6 10. c5 Nbd7 11. Na4 Be7 12. O-O-O Bd8 13. Be1 Qb8 14.
Nxg6 hxg6 15. Kb1 Bc7 16. h3 e5 17. g4 exd4 18. exd4 O-O 19. h4 Re8 20. Bh3
Nf8 21. g5 N6d7 22. h5 gxh5 23. Bxd7 Nxd7 24. Rxh5 g6 25. Rh1 Bf4 26. Bd2
Ra7 27. Qd3 Bxd2 28. Qxd2 Kg7 29. Rh6 Rh8 30. Re1 Qg3 31. Rxh8 Kxh8 32. Nb6
Nf8 33. Re7 Qxf3 34. a4 a5 35. Qh2+ Kg8 36. Re8 Qf5+ 1-0

[Event "Bunratty Classic 2013"]
[Site "Bunratty IRL"]
[Date "2013.03.01"]
[Round "4.3"]
[White "Pert, Nick"]
[Black "Quinn, Mark"]
[Result "1-0"]
[WhiteTitle "GM"]
[BlackTitle "IM"]
[WhiteElo "2539"]
[BlackElo "2388"]
[BlackICU "2366"]
[BlackClub "Kilkenny"]
[WhiteNationality "ENG"]
[BlackNationality "IRL"]
[WhiteFideId "403989"]
[BlackFideId "2500450"]
[PlyCount "57"]
[Venue "Library Room, Bunratty Castle Hotel, Bunratty, Co. Clare"]
[EventDate "2013.02.27"]
[Source "Herbert Scarry, TWIC 956"]

{ Event information: <a
href="http://www.irlchess.com/bunrattyclassic2013_allfiles/pairings_bunrattyclassic2013.html">Tournament
report</a>. }

1. d4 d6 2. g3 e5 3. dxe5 dxe5 4. Qxd8+ Kxd8 5. Nc3 c6 6. f4 Bb4 7. Bd2 Nf6
8. Nf3 exf4 9. gxf4 Re8 10. O-O-O Na6 11. Rg1 Bf8 12. e4 Bg4 13. Be2 Kc7
14. e5 Bxf3 15. Bxf3 Nd7 16. Ne4 h6 17. Nd6 Rxe5 18. fxe5 Nxe5 19. Nb5+
cxb5 20. Ba5+ b6 21. Bxa8 bxa5 22. Rd5 Nc4 23. Rxb5 Nd6 24. Rxa5 Kb6 25.
Ra3 Nc5 26. Bd5 f5 27. Rg6 Nd7 28. Rc3 Ne5 29. Re6 1-0

[Event "Bunratty Classic 2013"]
[Site "Bunratty IRL"]
[Date "2013.03.01"]
[Round "4.4"]
[White "Hamitevici, Vladimir"]
[Black "Arkell, Keith"]
[Result "1/2-1/2"]
[WhiteTitle "IM"]
[BlackTitle "GM"]
[WhiteElo "2444"]
[BlackElo "2472"]
[WhiteNationality "MDA"]
[BlackNationality "ENG"]
[WhiteFideId "13902393"]
[BlackFideId "400270"]
[PlyCount "100"]
[Venue "Library Room, Bunratty Castle Hotel, Bunratty, Co. Clare"]
[EventDate "2013.02.27"]
[Source "Herbert Scarry, TWIC 956"]

{ Event information: <a
href="http://www.irlchess.com/bunrattyclassic2013_allfiles/pairings_bunrattyclassic2013.html">Tournament
report</a>. }

1. Nf3 Nf6 2. c4 c5 3. Nc3 Nc6 4. g3 g6 5. Bg2 Bg7 6. d4 cxd4 7. Nxd4 Nxd4
8. Qxd4 d6 9. O-O O-O 10. Qd3 Nd7 11. b3 Nc5 12. Qd2 Rb8 13. Bb2 b6 14. Nd5
Bxb2 15. Qxb2 Bb7 16. h4 b5 17. cxb5 Bxd5 18. Bxd5 Rxb5 19. Qd4 Qb6 20.
Rac1 Nd7 21. Rfd1 Qxd4 22. Rxd4 Nb6 23. Bb7 Rc5 24. Rxc5 dxc5 25. Rd2 a5
26. Rc2 Rb8 27. Bc6 Rc8 28. Rxc5 Kf8 29. Rc2 f5 30. e4 e6 31. a3 Nd7 32.
exf5 gxf5 33. f4 Ke7 34. Kf2 Kd6 35. Be4 Nc5 36. Rd2+ Kc7 37. Bc2 Rb8 38.
Re2 Nxb3 39. Bxb3 Rxb3 40. Rxe6 Rxa3 41. Rf6 Ra2+ 42. Kf3 Ra3+ 43. Kg2 a4
44. Rxf5 Rb3 45. Ra5 Rb4 46. f5 Kb6 47. Ra8 Kb7 48. Ra5 Kb6 49. Ra8 Kb7 50.
Ra5 Kb6 1/2-1/2

[Event "Bunratty Classic 2013"]
[Site "Bunratty IRL"]
[Date "2013.03.01"]
[Round "5.2"]
[White "Burns-Mannion, Stephen"]
[Black "Hamitevici, Vladimir"]
[Result "0-1"]
[WhiteTitle "IM"]
[BlackTitle "IM"]
[WhiteElo "2376"]
[BlackElo "2444"]
[WhiteNationality "SCO"]
[BlackNationality "MDA"]
[WhiteFideId "2400111"]
[BlackFideId "13902393"]
[PlyCount "138"]
[Venue "Library Room, Bunratty Castle Hotel, Bunratty, Co. Clare"]
[EventDate "2013.02.27"]
[Source "Herbert Scarry, TWIC 956"]

{ Event information: <a
href="http://www.irlchess.com/bunrattyclassic2013_allfiles/pairings_bunrattyclassic2013.html">Tournament
report</a>. }

1. e4 c6 2. d4 d5 3. f3 e6 4. Nc3 Bb4 5. Bd2 Ne7 6. Nce2 Bxd2+ 7. Qxd2 O-O
8. O-O-O a5 9. h4 a4 10. h5 a3 11. b3 f6 12. Nh3 Qa5 13. Nf2 e5 14. Nd3
exd4 15. Qxa5 Rxa5 16. Nxd4 dxe4 17. fxe4 c5 18. b4 cxb4 19. Nxb4 Bg4 20.
Bc4+ Kh8 21. Rd3 Ra4 22. Be6 Bxe6 23. Nxe6 Re8 24. Nd5 Rxe4 25. Ndc7 Rc8
26. Rxa3 Na6 27. Rd1 Nxc7 28. Nxc7 Rc4 29. Nb5 Rxc2+ 30. Kb1 Rxg2 31. Rd7
Nc6 32. Nd6 Rf8 33. Rxb7 h6 34. Rc3 Ne5 35. a4 Rd8 36. Rc8 Rxc8 37. Nxc8
Rg4 38. a5 Ra4 39. Rb5 Nc6 40. Rc5 Rxa5 41. Rxc6 Rxh5 42. Ne7 Rg5 43. Kc2
h5 44. Rc4 Kh7 45. Kd3 Re5 46. Re4 Rc5 47. Ke3 g5 48. Re6 Kg7 49. Nc6 h4
50. Kf3 Kg6 51. Nd4 Rc3+ 52. Kg2 g4 53. Re4 h3+ 54. Kh2 Kg5 55. Re6 Ra3 56.
Re8 Ra2+ 57. Re2 Ra4 58. Re4 Ra2+ 59. Re2 Ra5 60. Kg3 Ra3+ 61. Kh2 Rd3 62.
Ne6+ Kh4 63. Re4 f5 64. Ra4 Rd6 65. Ng7 Kg5 66. Ra2 Kg6 67. Ne8 Rd7 68. Kg3
Kg5 69. Ra5 Rd2 0-1

[Event "Bunratty Classic 2013"]
[Site "Bunratty IRL"]
[Date "2013.03.01"]
[Round "5.4"]
[White "Quinn, Mark"]
[Black "Hebden, Mark"]
[Result "1/2-1/2"]
[WhiteTitle "IM"]
[BlackTitle "GM"]
[WhiteElo "2388"]
[BlackElo "2518"]
[WhiteICU "2366"]
[WhiteClub "Kilkenny"]
[WhiteNationality "IRL"]
[BlackNationality "ENG"]
[WhiteFideId "2500450"]
[BlackFideId "400084"]
[PlyCount "72"]
[Venue "Library Room, Bunratty Castle Hotel, Bunratty, Co. Clare"]
[EventDate "2013.02.27"]
[Source "Herbert Scarry, TWIC 956"]

{ Event information: <a
href="http://www.irlchess.com/bunrattyclassic2013_allfiles/pairings_bunrattyclassic2013.html">Tournament
report</a>. }

1. e4 e5 2. Nf3 Nc6 3. Bb5 a6 4. Ba4 Nf6 5. d3 d6 6. c3 g6 7. Bg5 Bg7 8.
Nbd2 O-O 9. Nf1 b5 10. Bb3 h6 11. Bh4 Na5 12. Bc2 c5 13. Ne3 Be6 14. h3 d5
15. exd5 Bxd5 16. Nxe5 Re8 17. d4 cxd4 18. cxd4 Qd6 19. O-O Rad8 20. Bg3
Qb4 21. Qe1 Qxe1 22. Rfxe1 Be4 23. f3 Bxc2 24. Nxc2 Nd5 25. Bf2 Rc8 26. Nd7
Rxe1+ 27. Nxe1 Nc4 28. Nd3 Nce3 29. N7e5 Rc2 30. a4 Rd2 31. axb5 axb5 32.
Nb4 Rxd4 33. Nxd5 Rxd5 34. Nxg6 fxg6 35. Bxe3 Bxb2 36. Ra8+ Kh7 1/2-1/2